|
|
|
|
| LEADER |
00000nam0a2200000 4500 |
| 001 |
152984 |
| 005 |
20231031151218.0 |
| 010 |
|
|
|a 5788001412
|
| 020 |
|
|
|a RU
|b 89-17707
|
| 035 |
|
|
|a (RuTPU)RU\TPU\book\165875
|
| 090 |
|
|
|a 152984
|
| 100 |
|
|
|a 20090206d1989 de y0rusy5003 ca
|
| 101 |
0 |
|
|a rus
|
| 102 |
|
|
|a BY
|
| 105 |
|
|
|a a z 000ay
|
| 200 |
1 |
|
|a Партизанские орлята
|e художественно-документальная повесть
|e для среднего и старшего школьного возраста
|f В. К. Яковенко
|g худож. Е. А. Карпович
|
| 210 |
|
|
|a Минск
|c Юнацтва
|d 1989
|
| 215 |
|
|
|a 302 с.
|d 21 см
|c ил.
|
| 610 |
1 |
|
|a Великая Отечественная война 1941-1945 гг.
|
| 610 |
1 |
|
|a партизанское движение
|
| 610 |
1 |
|
|a Белоруссия
|
| 675 |
|
|
|a Р2
|z rus
|
| 700 |
|
1 |
|a Яковенко
|b В. К.
|g Владимир Кириллович
|4 070
|
| 702 |
|
1 |
|a Карпович
|b Е. А.
|4 440
|
| 801 |
|
0 |
|a RU
|b RuMRKP
|c 19950417
|g psbo
|
| 801 |
|
1 |
|a RU
|b 63413507
|c 20090206
|g PSBO
|
| 801 |
|
2 |
|a RU
|b 63413507
|c 20140227
|g PSBO
|
| 942 |
|
|
|c BK
|